Countries with the most embassies abroad - Statistics

General Stats
  • This quiz has been taken 1,881 times
  • The average score is 21 of 25
Answer Stats
Number of embassies Country % Correct
172 United States of America
99%
154 France
98%
149 United Kingdom
98%
130 China
97%
149 Germany
97%
140 Russia
97%
116 Canada
96%
122 Japan
96%
96 Spain
95%
88 Brazil
94%
126 Italy
94%
76 Australia
93%
101 India
93%
88 South Korea
87%
93 Sweden
85%
73 Argentina
84%
95 South Africa
83%
117 Egypt
82%
87 Netherlands
79%
81 Saudi Arabia
76%
108 Austria
73%
93 Iran
70%
82 Nigeria
55%
77 Morocco
45%
75 Czech Republic
32%
No matching quizzes found
Score Distribution
Percent of People with Each Score
Percentile by Number Answered
Your Score History
You have not taken this quiz